| 000 | 01086nam a22002777a 4500 | ||
|---|---|---|---|
| 005 | 20240530110459.0 | ||
| 008 | 150625s2010 ua ao a 000 j ara d | ||
| 017 |
_a2009/22314 _bمصر . دار الكتب المصرية |
||
| 020 | _a9776171214 | ||
| 040 | _aEG-CaGPL | ||
| 082 | 0 | 4 |
_221 _a813.02 _bط/إ م |
| 100 | 1 | _aاليس ، جولى | |
| 245 | 1 | 0 |
_aما زاويتك يا فيثاغورس ؟ : _bمغامرة فى الرياضيات / _cتاليف جولى اليس ؛ رسومات فيليس هور نونج ؛ ترجمة نادية الخولى |
| 250 | _aط1 | ||
| 260 |
_aالقاهرة : _bدار البلسم للنشر و التوزيع ، _c2010 . |
||
| 300 |
_a( د.ت ) : _bصور ؛ _c20 سم . |
||
| 600 | 0 | 4 | _aفيثاهورس |
| 650 | 0 | 4 | _aادب الاطفال |
| 650 | 0 | 4 | _aتعليم الاطفال |
| 650 | 0 | 4 | _aالقصص القصيرة |
| 650 | 0 | 4 | _aالرياضيات |
| 700 | 1 |
_aنونج ، فيليس هور _eرسام |
|
| 700 | 0 |
_aنادية الخولى _eمترجم |
|
| 942 |
_2ddc _cBK |
||
| 999 |
_c61446 _d61446 |
||